MARC

LEADER 00000nam0a2200000 4500
001 671887
005 20240409110047.0
035 |a (RuTPU)RU\TPU\retro\32831 
035 |a RU\TPU\book\251185 
090 |a 671887 
100 |a 20240328d1972 k||y0rusy50 ca 
101 0 |a rus 
102 |a RU 
105 |a a z 001zy 
181 0 |a i   |b  e  
182 0 |a n 
183 0 |a nc  |2 RDAcarrier 
200 1 |a Вещественный состав и условия формирования основных типов фосфоритов  |f  А. И. Смирнов  |g Государственный научно-исследовательский институт горнохимического сырья (ГИГХС); под ред. Н. А. Красильниковой, А. М. Тушиной 
203 |a Текст  |b визуальный  |c непосредственный 
210 |a Москва  |c Недра  |d 1972 
215 |a 195 с.  |c ил. 
225 1 |a Труды государственного научно-исследовательского института горнохимического сырья (ГИГХС)  |v Вып. 14 
283 |a volume  |2 RDAcarrier 
320 |a Библиография: с. 188-195 
606 1 |a Фосфориты  |x Вещественный состав  |9 81094 
610 1 |a геологические исследования 
610 1 |a минеральные образования 
610 1 |a породы 
610 1 |a химический состав 
610 1 |a хемогенная теория 
610 1 |a изоморфизм 
610 1 |a физические свойства 
610 1 |a прокаливание 
610 1 |a морские бассейны 
610 1 |a условия формирования 
675 |a 553.64  |v 4  |z rus 
700 |b А. И.  |g Александр Иванович  |a Смирнов 
702 |a Красильникова  |b Н. А.  |4 340 
702 |a Тушина  |b А. М.  |4 340 
712 0 2 |a Государственный научно-исследовательский институт горнохимического сырья  |3 (RuTPU)RU\TPU\col\8103  |9 24475 
801 1 |a RU  |b 63413507  |c 20240328 
801 2 |a RU  |b 63413507  |c 20221220  |g RCR 
942 |c CR